000 00641nam a22001817a 4500
005 20180731111936.0
010 _aENG-123629
020 _c195.00
_a9788193607343
035 _aEN-107161
037 _bDBAD/PUB
082 _a650.11
100 _aTejgyan Global Foundation
245 _aMastering the art of time management:
_cby Tejgyan Global Foundation
_bhighest use of your time to achieve your highest potential /
260 _aPune
_bWow publishing pvt.ltd
_c2017
270 _aE-4, Vaibhav Nagar, Near Tapovan Mandir, Pimpri,
_bPune
_e411017
300 _a190p.
_c21cm(pbk)
_bill.
942 _2ddc
_cEN
_h650.11
_mTEJ
999 _c155180
_d155180